|
|
|
|
| LEADER |
02899nam a22006615i 4500 |
| 001 |
978-3-540-77090-9 |
| 003 |
DE-He213 |
| 005 |
20151204142444.0 |
| 007 |
cr nn 008mamaa |
| 008 |
100301s2007 gw | s |||| 0|eng d |
| 020 |
|
|
|a 9783540770909
|9 978-3-540-77090-9
|
| 024 |
7 |
|
|a 10.1007/978-3-540-77090-9
|2 doi
|
| 040 |
|
|
|d GrThAP
|
| 050 |
|
4 |
|a QA76.9.U83
|
| 050 |
|
4 |
|a QA76.9.H85
|
| 072 |
|
7 |
|a UYZG
|2 bicssc
|
| 072 |
|
7 |
|a COM070000
|2 bisacsh
|
| 082 |
0 |
4 |
|a 005.437
|2 23
|
| 082 |
0 |
4 |
|a 4.019
|2 23
|
| 245 |
1 |
0 |
|a Emerging Directions in Embedded and Ubiquitous Computing
|h [electronic resource] :
|b EUC 2007 Workshops: TRUST, WSOC, NCUS, UUWSN, USN, ESO, and SECUBIQ, Taipei, Taiwan, December 17-20, 2007. Proceedings /
|c edited by Mieso K. Denko, Chi-sheng Shih, Kuan-Ching Li, Shiao-Li Tsao, Qing-An Zeng, Soo Hyun Park, Young-Bae Ko, Shih-Hao Hung, Jong Hyuk Park.
|
| 264 |
|
1 |
|a Berlin, Heidelberg :
|b Springer Berlin Heidelberg,
|c 2007.
|
| 300 |
|
|
|a XXXV, 828 p.
|b online resource.
|
| 336 |
|
|
|a text
|b txt
|2 rdacontent
|
| 337 |
|
|
|a computer
|b c
|2 rdamedia
|
| 338 |
|
|
|a online resource
|b cr
|2 rdacarrier
|
| 347 |
|
|
|a text file
|b PDF
|2 rda
|
| 490 |
1 |
|
|a Lecture Notes in Computer Science,
|x 0302-9743 ;
|v 4809
|
| 505 |
0 |
|
|a Trustworthiness, Reliability and Services in Ubiquitous and Sensor Networks -- System and Software for Wireless SoC -- Network Centric Ubiquitous Systems -- Ubiquitous Underwater Acoustic–Sensor Network -- RFID and Ubiquitous Sensor Networks -- Embedded Software Optimization -- Security in Ubiquitous Computing.
|
| 650 |
|
0 |
|a Computer science.
|
| 650 |
|
0 |
|a Computer communication systems.
|
| 650 |
|
0 |
|a Special purpose computers.
|
| 650 |
|
0 |
|a Data encryption (Computer science).
|
| 650 |
|
0 |
|a User interfaces (Computer systems).
|
| 650 |
|
0 |
|a Computers and civilization.
|
| 650 |
1 |
4 |
|a Computer Science.
|
| 650 |
2 |
4 |
|a User Interfaces and Human Computer Interaction.
|
| 650 |
2 |
4 |
|a Computer Communication Networks.
|
| 650 |
2 |
4 |
|a Special Purpose and Application-Based Systems.
|
| 650 |
2 |
4 |
|a Information Systems Applications (incl. Internet).
|
| 650 |
2 |
4 |
|a Data Encryption.
|
| 650 |
2 |
4 |
|a Computers and Society.
|
| 700 |
1 |
|
|a Denko, Mieso K.
|e editor.
|
| 700 |
1 |
|
|a Shih, Chi-sheng.
|e editor.
|
| 700 |
1 |
|
|a Li, Kuan-Ching.
|e editor.
|
| 700 |
1 |
|
|a Tsao, Shiao-Li.
|e editor.
|
| 700 |
1 |
|
|a Zeng, Qing-An.
|e editor.
|
| 700 |
1 |
|
|a Park, Soo Hyun.
|e editor.
|
| 700 |
1 |
|
|a Ko, Young-Bae.
|e editor.
|
| 700 |
1 |
|
|a Hung, Shih-Hao.
|e editor.
|
| 700 |
1 |
|
|a Park, Jong Hyuk.
|e editor.
|
| 710 |
2 |
|
|a SpringerLink (Online service)
|
| 773 |
0 |
|
|t Springer eBooks
|
| 776 |
0 |
8 |
|i Printed edition:
|z 9783540770893
|
| 830 |
|
0 |
|a Lecture Notes in Computer Science,
|x 0302-9743 ;
|v 4809
|
| 856 |
4 |
0 |
|u http://dx.doi.org/10.1007/978-3-540-77090-9
|z Full Text via HEAL-Link
|
| 912 |
|
|
|a ZDB-2-SCS
|
| 912 |
|
|
|a ZDB-2-LNC
|
| 950 |
|
|
|a Computer Science (Springer-11645)
|